personnages des winx par image - Statistiques

Statistiques générales
  • Ce quiz a été pris 861 fois
  • Le résultat moyen est 14 sur 16
Statistiques - réponses
Par images Réponse % Correct
flora
99%
musa
99%
stella
99%
bloom
98%
tecna
96%
layla
94%
sky
92%
icy
90%
stormy
90%
riven
87%
darcy
85%
roxy
85%
nabu
79%
daphne
76%
helia
76%
selina
34%
Aucun quiz correspondant
Distribution des résultats
% des personnes avec chaque résultat
Percentile par nombre de réponses
Votre historique - résultats
Vous n’avez pas pris ce quiz